L'horlogerie suisse / (Record no. 155593)

MARC details
000 -LEADER
campo de control de longitud fija 00736nam a2200169 i 4500
001 - NÚMERO DE CONTROL
campo de control 155593
003 - IDENTIFICADOR DE NÚMERO DE CONTROL
campo de control ES-MaACL
005 - FECHA Y HORA DE LA ÚLTIMA TRANSACCIÓN
campo de control 20230906210134.0
008 - DATOS DE LONGITUD FIJA--INFORMACIÓN GENERAL
campo de control de longitud fija 040820s1889 sz a |||| | fre d
245 02 - MENCIÓN DEL TÍTULO
Título L'horlogerie suisse /
Mención de responsabilidad, etc. Exposition Universelle de 1889.
260 ## - PUBLICACIÓN, DISTRIBUCIÓN, ETC.
Lugar de publicación, distribución, etc. Paris :
Nombre del editor, distribuidor, etc. [s.n.],
Fecha de publicación, distribución, etc. 1889 (
Fabricante Imp. Réunies, Etablissement C)
300 ## - DESCRIPCIÓN FÍSICA
Extensión 30 p. :
Otras características físicas il. ;
Dimensiones 24 cm.
594 ## - Nota al título y mención de responsabilidad
Nota al título y mención de responsabilidad Texto firmado por Léon Pradel, y los responsables de la ed. de la obra son Longines y Ernest Francillon & C.
650 #4 - PUNTO DE ACCESO ADICIONAL DE MATERIA--TÉRMINO DE MATERIA
Término de materia o nombre geográfico como elemento de entrada Relojes-
Subdivisión geográfica Suiza.
9 (RLIN) 155978
711 2# - ENTRADA AGREGADA--NOMBRE DE REUNIÓN
Nombre de congreso/reunión o jurisdicción como elemento de entrada Exposición Universal (
Fecha del congreso o de la firma del tratado 1889.
Sede del congreso/Lugar de la reunión París)
9 (RLIN) 135154
852 ## - LOCALIZACIÓN
Ubicación ES-MaACL
Número de control de estantería T-554-F-7
Nota libre - Enc. hol., conservando cub. original
-- - Donativo de Pechemiel
-- - Enc. en un vol. facticio
Holdings
Estatus retirado Estado de pérdida Estado de daño No para préstamo Colección Biblioteca de origen Biblioteca actual Ubicación en estantería Fecha de adquisición Total de préstamos Signatura topográfica completa Código de barras Visto por última vez Precio de reemplazo Tipo de ítem Koha
        Colección de folletos Biblioteca del Ateneo de Madrid Biblioteca del Ateneo de Madrid Depósito folletos 17/01/2008   T-554-F-7 1162753 23/02/2023 23/02/2023 Folleto